000 00977cam a2200289 i 4500
001 200442511
999 _c200442511
_d60723
003 TR-AnTOB
005 20240920073832.0
007 ta
008 971117s1982 tu 000 0 tur
040 _aTR-AnTOB
_beng
_erda
_cTR-AnTOB
_dTR-AnTOB
041 0 _atur
050 4 _aKKX3544
_b.T87 1982
090 0 0 _aKKX3544
_b.T87 1982
245 0 0 _aTürk vergi kanunlarıyla ilgili Danıştay içtihat ve kararları 1982 /
_cHazırlıyanlar Murat Korkutan, Ahmet Çakır.
264 1 _a[Place of publication not identified] :
_b[publisher not identified],
_c1982.
300 _axii, 838 pages ;
_c24 cm
336 _ametin
_btxt
_2rdacontent
337 _aaracısız
_bn
_2rdamedia
338 _acilt
_bnc
_2rdacarrier
650 7 _aVergilendirme
_xHukuk ve mevzuat
_zTürkiye
_2
_937
700 1 _aKorkutan, Murat
_eeditor
_9137412
700 1 _aÇakır, Ahmet
_eeditor
_9137413
942 _2lcc
_cBK